Statistics for Modern countries with less then or equal to 5 medals (Olympics)

Click here to take the quiz!

General Stats

  • This quiz has been taken 23 times
  • The average score is 13 of 40

Answer Stats

GoldSilverBronzeTotalAnswer% Correct
1023Panama
63%
0101Tonga
63%
1001Fiji
58%
1304Luxembourg
58%
0011Togo
58%
0145Qatar
47%
0101Samoa
47%
1304Peru
42%
1113Bahrain
37%
0011Barbados
37%
1124Costa Rica
37%
0101Guatemala
37%
0011Guyana
37%
0123Kyrgyzstan
37%
0101Senegal
37%
0011Djibouti
32%
0011Eritrea
32%
0134Ghana
32%
1001Kosovo
32%
0101Montenegro
32%
0404Namibia
32%
0101Paraguay
32%
1225Singapore
32%
1124Tajikistan
32%
0022Afghanistan
26%
0101Botswana
26%
0101Gabon
26%
0011Iraq
26%
1304Vietnam
26%
1102Burundi
21%
0224Iceland
21%
0224Lebanon
21%
0011Macedonia
21%
0011Mauritius
21%
0101Sudan
21%
1113Cote D'ivoire
16%
0101Cyprus
16%
1113Syria
16%
1001Jordan
11%
0123Saudia Arabia
0%

Score Distribution

Percentile by Number Answered

Percent of People with Each Score

Your Score History

You have not taken this quiz